[Event "HUN-chT2 Barcza 1819"]
[Site "Hungary"]
[Date "2018.12.02"]
[Round "5.9"]
[White "Hibjan, Tamas"]
[Black "Szurovszky, Elek"]
[Result "1/2-1/2"]
[WhiteElo "2116"]
[BlackElo "2014"]
[PlyCount "48"]
[EventDate "2018.09.23"]
[EventType "team-tourn"]
[EventRounds "11"]
[EventCountry "HUN"]
[SourceTitle "CBM 189 Extra"]
[Source "ChessBase"]
[SourceDate "2019.06.03"]
[SourceVersion "1"]
[SourceVersionDate "2019.06.03"]
[SourceQuality "1"]
[WhiteTeam "Nyiregyhaza SISE"]
[BlackTeam "Miskolc Kisbocsok"]
[WhiteTeamCountry "HUN"]
[BlackTeamCountry "HUN"]

1. e4 e5 2. Nf3 Nc6 3. Bb5 Bc5 4. c3 f5 5. d4 fxe4 6. Bxc6 dxc6 7. Nfd2 Bd6 8. dxe5 Bc5 9. Nxe4 Qxd1+ 10. Kxd1 Bb6 11. Ke2 Bf5 12. Ng3 Bg6 13. Be3 Bxe3 14. Kxe3 0-0-0 15. Nd2 Ne7 16. c4 c5 17. Nf3 Nc6 18. Rad1 Rhe8 19. Rxd8+ Kxd8 20. Rd1+ Kc8 21. Kf4 Rf8+ 22. Ke3 Re8 23. Kf4 Rf8+ 24. Ke3 Re8 1/2-1/2

[Event "HUN-chT2 Barcza 1819"]
[Site "Hungary"]
[Date "2018.11.18"]
[Round "4.10"]
[White "Beres, Istvan1111"]
[Black "Szurovszky, Elek"]
[Result "1/2-1/2"]
[WhiteElo "1929"]
[BlackElo "2014"]
[PlyCount "63"]
[EventDate "2018.09.23"]
[EventType "team-tourn"]
[EventRounds "11"]
[EventCountry "HUN"]
[SourceTitle "CBM 189 Extra"]
[Source "ChessBase"]
[SourceDate "2019.06.03"]
[SourceVersion "1"]
[SourceVersionDate "2019.06.03"]
[SourceQuality "1"]
[WhiteTeam "Szirmabesenyo"]
[BlackTeam "Miskolc Kisbocsok"]
[WhiteTeamCountry "HUN"]
[BlackTeamCountry "HUN"]

1. Nf3 b6 2. g3 Bb7 3. Bg2 e6 4. 0-0 Be7 5. d3 h5 6. h4 Nf6 7. e4 d6 8. Nc3 Nbd7 9. Qe2 e5 10. Rd1 c5 11. a4 a6 12. Ng5 Qc7 13. Bd2 Nf8 14. f4 N8h7 15. Rf1 Nxg5 16. fxg5 Ng4 17. Nd5 Bxd5 18. exd5 Qd7 19. Be4 g6 20. b4 0-0 21. bxc5 bxc5 22. a5 Rab8 23. Rab1 Rfc8 24. c4 Kg7 25. Bf3 Bd8 26. Bc3 Kg8 27. Qe4 Bc7 28. Rfc1 Rxb1 29. Rxb1 Rb8 30. Qe1 Qc8 31. Bd2 Qd8 32. Qc1 1/2-1/2

[Event "HUN-chT2 Barcza 1819"]
[Site "Hungary"]
[Date "2018.09.23"]
[Round "1.9"]
[White "Szurovszky, Elek"]
[Black "Sos, Barnabas"]
[Result "1-0"]
[WhiteElo "2014"]
[BlackElo "1946"]
[PlyCount "61"]
[EventDate "2018.09.23"]
[EventType "team-tourn"]
[EventRounds "11"]
[EventCountry "HUN"]
[SourceTitle "CBM 189 Extra"]
[Source "ChessBase"]
[SourceDate "2019.06.03"]
[SourceVersion "1"]
[SourceVersionDate "2019.06.03"]
[SourceQuality "1"]
[WhiteTeam "Miskolc Kisbocsok"]
[BlackTeam "Debrecen Sakkbaratok"]
[WhiteTeamCountry "HUN"]
[BlackTeamCountry "HUN"]

1. e4 c5 2. Nf3 Nc6 3. d4 cxd4 4. Nxd4 Nf6 5. Nc3 g6 6. Be2 Bg7 7. Be3 0-0 8. 0-0 d5 9. Nxc6 bxc6 10. e5 Ne8 11. f4 f6 12. exf6 Nxf6 13. Bd4 Bf5 14. g4 Nxg4 15. Bxg7 Ne3 16. Qd4 Nxc2 17. Qe5 Rf7 18. Bh6 Rf6 19. Rac1 Qd6 20. Bf3 Rd8 21. a3 Bd3 22. Qxd6 Rdxd6 23. Rfd1 Bf5 24. Kf2 Rfe6 25. Nxd5 cxd5 26. Bxd5 Rxd5 27. Rxd5 Kf7 28. Rd8 Rb6 29. Rf8+ Ke6 30. Rxf5 Rxb2 31. Re5+ 1-0

[Event "HUN-chT2 Barcza 1516"]
[Site "Hungary"]
[Date "2015.12.06"]
[Round "6.1"]
[White "Szurovszky, Elek"]
[Black "Forgacs, Jozsef"]
[Result "1/2-1/2"]
[WhiteElo "2071"]
[BlackElo "2185"]
[PlyCount "20"]
[EventDate "2015.09.13"]
[EventType "team-tourn"]
[EventRounds "11"]
[EventCountry "HUN"]
[SourceTitle "CBM 170 Extra"]
[Source "ChessBase"]
[SourceDate "2016.02.25"]
[SourceVersion "1"]
[SourceVersionDate "2016.02.25"]
[SourceQuality "1"]
[WhiteTeam "Miskolc KisBocsok"]
[BlackTeam "Hajduszoboszlo"]
[WhiteTeamCountry "HUN"]
[BlackTeamCountry "HUN"]

1. e4 c6 2. Nf3 d5 3. exd5 cxd5 4. Ne5 a6 5. d4 Nc6 6. f4 g6 7. c3 Bg7 8. Bd3 Nf6 9. 0-0 0-0 10. Nd2 Bf5 1/2-1/2

[Event "HUN-chT2 Barcza 1516"]
[Site "Hungary"]
[Date "2015.11.08"]
[Round "4.1"]
[White "Szurovszky, Elek"]
[Black "Eberth, Zoltan"]
[Result "1/2-1/2"]
[WhiteElo "2110"]
[BlackElo "2136"]
[PlyCount "45"]
[EventDate "2015.09.13"]
[EventType "team-tourn"]
[EventRounds "11"]
[EventCountry "HUN"]
[SourceTitle "CBM 170 Extra"]
[Source "ChessBase"]
[SourceDate "2016.02.25"]
[SourceVersion "1"]
[SourceVersionDate "2016.02.25"]
[SourceQuality "1"]
[WhiteTeam "Miskolc KisBocsok"]
[BlackTeam "Mezokovesd"]
[WhiteTeamCountry "HUN"]
[BlackTeamCountry "HUN"]

1. e4 e5 2. Nf3 d5 3. Nxe5 Bd6 4. d4 dxe4 5. Nc4 Nf6 6. Nxd6+ Qxd6 7. c3 0-0 8. Be2 Nc6 9. Na3 Be6 10. 0-0 Rad8 11. Bg5 Rd7 12. Bxf6 gxf6 13. f3 e3 14. Qd3 Re7 15. Rae1 Qf4 16. Bd1 Bf5 17. Qb5 Rfe8 18. Be2 Kh8 19. Kh1 Rg8 20. g3 Rxg3 21. hxg3 Qh6+ 22. Kg1 Qh3 23. g4 1/2-1/2

[Event "WchT Silent"]
[Site "Opatija"]
[Date "2014.06.23"]
[Round "6.4"]
[White "Skorobogatykh, Andrey"]
[Black "Szurovszky, Elek"]
[Result "1-0"]
[WhiteElo "2073"]
[BlackElo "2070"]
[PlyCount "78"]
[EventDate "2014.06.19"]
[EventType "team-swiss"]
[EventRounds "9"]
[EventCountry "CRO"]
[SourceTitle "CBM 161 Extra"]
[Source "ChessBase"]
[SourceDate "2014.08.29"]
[SourceVersion "1"]
[SourceVersionDate "2014.08.29"]
[SourceQuality "1"]
[WhiteTeam "Russia"]
[BlackTeam "Hungary"]
[WhiteTeamCountry "RUS"]
[BlackTeamCountry "HUN"]

1. e4 e5 2. Nf3 Nc6 3. Bb5 Bc5 4. c3 Qe7 5. 0-0 a6 6. Ba4 b5 7. Bb3 Nf6 8. d4 Bb6 9. Re1 d6 10. a4 Rb8 11. axb5 axb5 12. Bg5 h6 13. Bh4 Na5 14. Bc2 Bg4 15. dxe5 dxe5 16. Nbd2 Rd8 17. Qe2 c6 18. b4 Nb7 19. Ra6 Qc7 20. h3 Bh5 21. g4 Bg6 22. Bg3 Nd7 23. c4 c5 24. cxb5 cxb4 25. Nc4 Nbc5 26. Nfxe5 Nxa6 27. Nxb6 Qxb6 28. Nc4 Qd4 29. Nd6+ Kf8 30. bxa6 Qc3 31. Nb5 Qb2 32. Qd3 Rc8 33. a7 Kg8 34. Rb1 Qxc2 35. Qxc2 Rxc2 36. a8Q+ Kh7 37. Qa7 Nf6 38. f3 Rd8 39. Bf2 Rd7 1-0

[Event "Level op 2nd"]
[Site "Level"]
[Date "2014.03.28"]
[Round "2"]
[White "Szurovszky, Elek"]
[Black "Kurcsics, Mate"]
[Result "0-1"]
[WhiteElo "2070"]
[BlackElo "1910"]
[PlyCount "107"]
[EventDate "2014.03.28"]
[EventType "swiss"]
[EventRounds "7"]
[EventCountry "HUN"]
[SourceTitle "EXT 2020"]
[Source "ChessBase"]
[SourceDate "2019.10.17"]
[SourceVersion "1"]
[SourceVersionDate "2019.10.17"]
[SourceQuality "1"]

1. e4 c5 2. Nf3 Nc6 3. d4 cxd4 4. Nxd4 Nf6 5. Nc3 g6 6. Be3 Bg7 7. Be2 0-0 8. 0-0 d5 9. exd5 Nxd5 10. Nxd5 Qxd5 11. Bf3 Qd7 12. Nxc6 bxc6 13. Qxd7 Bxd7 14. Rad1 Bf5 15. c3 Rfc8 16. Rd2 Be6 17. Rfd1 a6 18. h3 h5 19. Bc5 Bf6 20. Bd4 Bxd4 21. Rxd4 Bxa2 22. Ra1 Bb3 23. Ra3 Be6 24. Rb4 a5 25. Rb7 Kf8 26. b3 Rab8 27. Rxb8 Rxb8 28. c4 Rb6 29. Bd1 Ra6 30. c5 Ra7 31. Bf3 Bd5 32. Bxd5 cxd5 33. b4 a4 34. c6 Ke8 35. b5 Kd8 36. b6 Ra6 37. b7 Kc7 38. Ra1 Rxc6 39. Rxa4 Kxb7 40. Kf1 Rc4 41. Ra3 Kc7 42. Rf3 f6 43. Ke2 Ra4 44. Rb3 Kd6 45. g3 g5 46. f3 h4 47. g4 Ra2+ 48. Ke3 Rh2 49. Rb1 Rxh3 50. Rb8 Rh1 51. Rh8 Ke5 52. f4+ gxf4+ 53. Kf3 Rh3+ 54. Kf2 0-1

[Event "HUN-chT2 Erkel 1314"]
[Site "Hungary"]
[Date "2014.03.23"]
[Round "9.8"]
[White "Szurovszky, Elek"]
[Black "Monori, Zoltan"]
[Result "1-0"]
[WhiteElo "2024"]
[BlackElo "2075"]
[PlyCount "51"]
[EventDate "2013.09.08"]
[EventType "team-tourn"]
[EventRounds "11"]
[EventCountry "HUN"]
[SourceTitle "EXT 2016"]
[Source "ChessBase"]
[SourceDate "2015.10.08"]
[SourceVersion "1"]
[SourceVersionDate "2015.10.08"]
[SourceQuality "1"]
[WhiteTeam "Dunaharaszti II"]
[BlackTeam "Budapest Honved"]
[WhiteTeamCountry "HUN"]
[BlackTeamCountry "HUN"]

1. e4 d6 2. d4 Nf6 3. Nc3 g6 4. f4 Bg7 5. Bc4 c6 6. a4 0-0 7. e5 dxe5 8. fxe5 Nd5 9. Nf3 h6 10. Nxd5 cxd5 11. Bd3 Bg4 12. c3 Nc6 13. h3 Bxf3 14. Qxf3 e6 15. 0-0 f5 16. exf6 Rxf6 17. Qg4 Rxf1+ 18. Kxf1 Qf6+ 19. Kg1 Ne7 20. Bd2 Rf8 21. Rf1 Nf5 22. Re1 Re8 23. Bf4 Qh4 24. Qxh4 Nxh4 25. Bb5 Rf8 26. Bd6 1-0